О неконституционности разъяснения Цустраха НКТруда СССР о зачете в трудстаж службы в РККА

Доступно только в Электронных читальных залах Найти на картеНа карте
RUSMARC
00004543nac2a22003013x 450
0013f2b4861-8893-472e-bdd0-e8355135dfbb
00520230718175637.0
100##$a20230613l19291929k y0rusy50 ca
1010#$arus
$amul
102##$aRU
105##$ay z |||||
1222#$ad19290323
$ad19290627
2001#$aО неконституционности разъяснения Цустраха НКТруда СССР о зачете в трудстаж службы в РККА
$j23.03.1929 - 27.06.1929
215##$a25 листов
$d37 х 22
251##$cДело
300##$aВ деле обратная нумерация
300##$aЧасть текста на языках народов СССР
300##$aЧасть текста машинописная и рукописная, часть - напечатана типографским способом
324##$aВ деле имеются копии отдельных документов
461#0$1001796d4672-8a00-4986-b488-6e42273792cc
$12001
$aЦЕНТРАЛЬНЫЙ ИСПОЛНИТЕЛЬНЫЙ КОМИТЕТ СССР (ЦИК СССР).
$1251
$cФонд
$1852
$gР
$j3316
462#0$10016e6e8ba4-e15f-4ad4-8937-f1e88c150bfe
$12001
$aДела Секретариата Президиума ЦИК Союза ССР. 1929 г.
$vД. 270
$1251
$cОпись
$1852
$j22
60101$3RU\NLR\AUTH\880357276
$aСССР
$bЦИК
60101$3RU\NLR\AUTH\8810243318
$aСССР
$bНародный комиссариат труда
60102$3RU\NLR\AUTH\661514024
$aРабоче-Крестьянская Красная армия
$c1918 - 1946
60101$3RU\NLR\AUTH\8810179981
$aСССР
$bЦентральное управление социального страхования
801#0$aRU
$bGA_RF
801#1$aRU
$bГлавНИВЦ
$c20230613
$2rusmarc
801#2$aRU
$bПБ им. Б.Н. Ельцина
$c20230718
$gRCR
$2rusmarc
852##$aГА РФ
$j270
937##$d186609555
$hГАРФ
035##$aRuPRLIB51072470
856##$uhttp://readingroom.main.prlib.ru/item.aspx?id_node=n186609555&mode=full
Формат отображения